00756nam a2200253 a 4500001001300000003000900013005001700022008004100039020000900080082001900089100002200108245002500130260006200155300000900217500003500226505001700261650002900278650002500307700002200332902000800354942000700362952011800369999001500487nice12345678IN_TiNIC20260116012810.0050524s1980 muza grp 000 0 urd  ac2500a891.43909bIHA aIhsani, Karimi Al aHayat-E-Ihsan Danish aMuzafarnagar, N.DbMaulana Vakeel -Ul-Rahman Vakeelc1980 a336p aincludes index and biblioraphy2 aPart 1 and 2 aUrdu-Poetry-ihsan Danish aBiography-Urdu Poets1 aIhsani, Karimi Al bSRS cBK 001040708StackRoom-aHMIbHMId2008-02-07g25.00l0o891.43909 IHAp011930r2008-02-07v25.00w2005-05-24yBK c8414d8414